[Event "Box Hill Autumn Cup"]
[Site "Box Hill"]
[Date "2000.03.10"]
[Round "6.20"]
[White "Exner, Rolf"]
[Black "Goudy, Arthur"]
[Result "1-0"]
[WhiteElo "1509"]
[BlackElo "1232"]
[PlyCount "47"]
[EventDate "2000.??.??"]
[EventType "swiss"]
[EventRounds "9"]
[EventCountry "AUS"]
[SourceTitle "EXT 2003"]
[Source "ChessBase"]
[SourceDate "2002.11.25"]
[SourceVersion "1"]
[SourceVersionDate "2002.11.25"]
[SourceQuality "1"]

1. d4 Nf6 2. c4 g6 3. Nc3 d5 4. Bf4 c6 5. f3 Bg7 6. e4 dxe4 7. fxe4 Bg4 8. Be2 Bxe2 9. Ngxe2 0-0 10. 0-0 Ng4 11. h3 Nf6 12. Rc1 e6 13. Qd2 Re8 14. Bg5 Qb6 15. Bxf6 Bxf6 16. Rxf6 Nd7 17. Rf2 Rad8 18. c5 Qc7 19. Rcf1 Re7 20. Qg5 Rde8 21. e5 Qd8 22. Ne4 Rf8 23. Nf6+ Nxf6 24. exf6 1-0